Predmet podnikania: textil a odevy

Analýza súčasného stavu textilného a odevného priemyslu na Slovensku. Pokles výroby. Odbytové smery a aktivity. Obchodná stratégia. Koncepcia ďalšieho rozvoja.

Salvato in:
Dettagli Bibliografici
Autore principale: Bujačková, E.
Natura: Capitolo di libro
Lingua:slovacco
Soggetti:
Tags: Aggiungi Tag
Nessun Tag, puoi essere il primo ad aggiungerne!!

MARC

LEADER 00000naa a2200000 4500
001 r018488
005 20221205102015.8
041 0 |a slo 
044 |a SK 
245 1 0 |a Predmet podnikania: textil a odevy  |c E. Bujačková 
520 |a Analýza súčasného stavu textilného a odevného priemyslu na Slovensku. Pokles výroby. Odbytové smery a aktivity. Obchodná stratégia. Koncepcia ďalšieho rozvoja. 
610 2 0 |a Slovensko 
610 2 0 |a 1989-1994 
610 2 0 |a priemysel textilný 
610 2 0 |a priemysel odevný 
610 2 0 |a odbyt 
100 1 |a Bujačková, E.